| 000 | 00612nam a2200217 a 4500 | ||
|---|---|---|---|
| 001 | BRCA_8311 | ||
| 005 | 20190320210225.0 | ||
| 008 | 230614s1949----sp-a###f##---#001-0#spa-# | ||
| 041 | _aspa | ||
| 044 | _asp | ||
| 050 | 4 |
_aND813.Z8 _b.P6 1949 |
|
| 100 | 1 |
_aPompey, Francisco _920751 |
|
| 245 | 1 | 0 |
_aZurbarán _bsu vida y sus obras _cFrancisco Pompey. |
| 260 |
_aMadrid _bAfrodisio Aguado _c[194-?] |
||
| 300 |
_a281 p. _bil., retratos _c24 cm. |
||
| 500 | _aS137 | ||
| 600 | 1 | 4 |
_aZurbarán, Francisco de _d1598-1664 _913651 |
| 650 | 1 | 4 |
_aPintores españoles _vBiografías _918728 |
| 902 | _aGFM | ||
| 942 |
_2lcc _cB |
||
| 999 |
_c7979 _d7979 |
||